Multiple 'N' Countries Quiz Stats

 Plays Quiz Updated Oct 30, 2018

Challenge
Share
Tweet
Embed
Score 0/24 Timer 06:00
7 Plays Today
Country % Correct
United Kingdom
76.6%
New Zealand
70.9%
Argentina
67.6%
Finland
64.2%
Afghanistan
60.6%
Netherlands
60%
Indonesia
58.4%
Turkmenistan
53.5%
Bosnia and Herzegovina
50.2%
St. Kitts and Nevis
47.9%
Trinidad and Tobago
46.7%
St. Vincent and the Grenadines
46.5%
Country % Correct
Central African Republic
46.1%
Papua New Guinea
45.4%
Dominican Republic
44.9%
Tanzania
44.6%
San Marino
41.2%
Liechtenstein
41.1%
Montenegro
39.3%
Lebanon
39.1%
Benin
38.4%
Solomon Islands
38%
Antigua and Barbuda
37.4%
Sao Tome and Principe
24.6%

You're not logged in!

Compare scores with friends on all Sporcle quizzes.
OR
Log In

You Might Also Like...

Show Comments

Extras

Top Quizzes Today


Score Distribution

Your Account Isn't Verified!

In order to create a playlist on Sporcle, you need to verify the email address you used during registration. Go to your Sporcle Settings to finish the process.

Report this User

Report this user for behavior that violates our Community Guidelines.

Details: